Les rebelles de la politique : Posture ou sincérité? (notice n° 2197915)

détails MARC
000 -LEADER
fixed length control field 01594cam a2200133 4500500
005 - DATE AND TIME OF LATEST TRANSACTION
control field 20260405085458.0
041 ## - LANGUAGE CODE
Language code of text/sound track or separate title fre
042 ## - AUTHENTICATION CODE
Authentication code dc
100 10 - MAIN ENTRY--PERSONAL NAME
Personal name Guillaume, Sylvie
Relator term author
245 00 - TITLE STATEMENT
Title Les rebelles de la politique : Posture ou sincérité?
260 ## - PUBLICATION, DISTRIBUTION, ETC.
Name of publisher, distributor, etc. Armand Colin,<br/>
Date of publication, distribution, etc. 2022.<br/>
520 ## - SUMMARY, ETC.
Summary, etc. Ni révoltés, ni révolutionnaires, les rebelles de De Gaulle à Macron transgressent les normes du système politique sans pour autant vouloir sa destruction. La rébellion, paradoxalement constructive, devient le moteur de grandes réformes comme la légalisation de l’IVG ou l’abolition de la peine de mort. Enfants terribles dans leur famille politique tels Rocard, Séguin, Chevènement, Sarkozy, retardant toute adhésion à un parti tels Pompidou et Barre ou la refusant tels Badinter, Veil ou Macron, ils ont tous un tempérament frondeur qui ne dessert pas leur ambition de rénover le gouvernement. Héritiers de De Gaulle, ils ont « une certaine idée de la France », héritiers de Mendès France, ils savent que « gouverner, c’est choisir ».À la veille des élections présidentielles du printemps  2022, qui du président sortant, le « jupitérien » Emmanuel Macron, ayant fait exploser l’organisation des partis, ou de ses adversaires réuniront une France divisée –  entre le rural et l’urbain, entre les nantis diplômés et les Gilets jaunes  –, tout ceci sur un fond de crise sanitaire, économique et écologique ?
856 41 - ELECTRONIC LOCATION AND ACCESS
Uniform Resource Identifier <a href="https://shs.cairn.info/les-rebelles-de-la-politique--9782200630607?lang=fr&redirect-ssocas=7080">https://shs.cairn.info/les-rebelles-de-la-politique--9782200630607?lang=fr&redirect-ssocas=7080</a>

Pas d'exemplaire disponible.

PLUDOC

PLUDOC est la plateforme unique et centralisée de gestion des bibliothèques physiques et numériques de Guinée administré par le CEDUST. Elle est la plus grande base de données de ressources documentaires pour les Étudiants, Enseignants chercheurs et Chercheurs de Guinée.

Adresse

627 919 101/664 919 101

25 boulevard du commerce
Kaloum, Conakry, Guinée

Réseaux sociaux

Powered by Netsen Group @ 2025